[Event "4NCL Division 2b"]
[Site "De Vere, Sunningdale ENG"]
[Date "2012.11.03"]
[Round "1.75"]
[White "Manley, Jonathan"]
[Black "Burnett, Jim"]
[Result "0-1"]
[WhiteElo "2166"]
[BlackElo "2172"]
[PlyCount "72"]
[EventDate "2012.11.03"]
[WhiteTeam "Barbican Youth"]
[BlackTeam "White Rose 2"]

1. e4 e6 2. d4 d5 3. Nc3 Bb4 4. e5 c5 5. a3 Bxc3+ 6. bxc3 Ne7 7. Qg4 Qc7 8.
Qxg7 Rg8 9. Qxh7 cxd4 10. Ne2 dxc3 11. f4 Nbc6 12. Qd3 Bd7 13. Qxc3 O-O-O 14.
Rb1 Kb8 15. Rg1 d4 16. Qd3 Nd5 17. g4 f6 18. exf6 e5 19. f5 Nxf6 20. h3 Ka8 21.
Bg2 e4 22. Qg3 Qa5+ 23. Bd2 Qc5 24. Qb3 Bc8 25. Bb4 Qe5 26. Qg3 Qe8 27. Qf4 d3
28. Nc3 dxc2 29. Rc1 Nd4 30. Kf2 Qc6 31. Rge1 Bxf5 32. Be7 Qxc3 33. Bxd8 Nd5
34. Qd6 Qd2+ 35. Kg3 Bxg4 36. hxg4 Nf5+ 0-1

[Event "4NCL Division 2b"]
[Site "De Vere, Sunningdale ENG"]
[Date "2012.11.03"]
[Round "1.76"]
[White "Weller, Pierre"]
[Black "Farrand, Julian T"]
[Result "1-0"]
[WhiteElo "2124"]
[BlackElo "2088"]
[PlyCount "113"]
[EventDate "2012.11.03"]
[WhiteTeam "White Rose 2"]
[BlackTeam "Barbican Youth"]

1. d4 d6 2. e4 Nf6 3. Nc3 c6 4. a4 Nbd7 5. Nf3 e5 6. Bc4 h6 7. h3 Be7 8. O-O
Qc7 9. Re1 g5 10. b3 Nf8 11. Bb2 Ng6 12. Nh2 h5 13. Nf1 g4 14. hxg4 hxg4 15.
Ng3 Be6 16. d5 Bd7 17. Nf5 Bxf5 18. exf5 Nf4 19. dxc6 bxc6 20. Bc1 g3 21. Bxf4
exf4 22. Qd4 O-O-O 23. Ba6+ Kb8 24. Qb4+ Ka8 25. Qb7+ Qxb7 26. Bxb7+ Kxb7 27.
Rxe7+ Rd7 28. Rxd7+ Nxd7 29. fxg3 fxg3 30. Ne4 Kc7 31. Nxg3 Rg8 32. Ne2 Nf6 33.
Rf1 Nd5 34. Rf3 Re8 35. Kf2 Re5 36. g3 Kd7 37. Nd4 c5 38. Nb5 a6 39. Na3 Nf6
40. Nc4 Re8 41. Rd3 d5 42. Ne3 Re5 43. c3 Kc6 44. Kf3 Ne4 45. Nxd5 f6 46. Ne3
Ng5+ 47. Kg4 Ne4 48. Kf3 Ng5+ 49. Kg2 Re4 50. Nc4 Nf7 51. Kf2 Re8 52. Re3 Rxe3
53. Kxe3 Ng5 54. Kf4 Kd5 55. Ne3+ Kd6 56. Ng4 Ke7 57. Nf2 1-0

[Event "4NCL Division 2b"]
[Site "De Vere, Sunningdale ENG"]
[Date "2012.11.03"]
[Round "1.77"]
[White "Stewart, Ashley"]
[Black "Lewyk, Ihor"]
[Result "1-0"]
[WhiteElo "2040"]
[BlackElo "2079"]
[PlyCount "139"]
[EventDate "2012.11.03"]
[WhiteTeam "Barbican Youth"]
[BlackTeam "White Rose 2"]

1. Nf3 Nf6 2. g3 d5 3. Bg2 g6 4. O-O Bg7 5. c4 c6 6. cxd5 cxd5 7. d4 O-O 8. Bf4
Nc6 9. Ne5 Qb6 10. Nxc6 Qxc6 11. Nc3 Be6 12. Qb3 b6 13. Be5 Rfd8 14. Rac1 Qd7
15. Qb5 Qb7 16. Na4 Bd7 17. Qb3 Bxa4 18. Qxa4 Rac8 19. e3 e6 20. Rfd1 Nd7 21.
Bxg7 Kxg7 22. Bf1 Nb8 23. h4 h5 24. b3 Rc7 25. Qa3 Rdc8 26. Qb2 Kg8 27. Kg2 Nd7
28. Bd3 Nb8 29. Kf1 Kg7 30. Ke2 Nc6 31. Qa3 a5 32. Qb2 Nb4 33. Rxc7 Qxc7 34.
Bb5 Qc2+ 35. Rd2 Qxb2 36. Rxb2 Nc2 37. Kd2 Na3 38. Bd3 b5 39. f3 f5 40. Kd1 Rc3
41. Ke2 Kf6 42. Rd2 Kf7 43. Rd1 Kf6 44. Kd2 b4 45. g4 Rc7 46. gxf5 gxf5 47. Rg1
Rg7 48. Rxg7 Kxg7 49. Ke2 Kf6 50. Kf2 e5 51. dxe5+ Kxe5 52. Kg3 a4 53. bxa4 Nc4
54. Kf2 Nb2 55. Bc2 Nc4 56. f4+ Kf6 57. Bb3 Ke6 58. Ke2 Kd6 59. Kd3 Na5 60. Kd4
Nc6+ 61. Kd3 Ne7 62. Bd1 Ng6 63. Bxh5 Nxh4 64. a5 Kc5 65. a6 Kb6 66. Bf7 Kxa6
67. Bxd5 Kb5 68. Kd4 Ka4 69. Ke5 Ka3 70. Kf6 1-0

[Event "4NCL Division 2b"]
[Site "De Vere, Sunningdale ENG"]
[Date "2012.11.03"]
[Round "1.81"]
[White "Rudd, Jack"]
[Black "Shriwas, Pratik"]
[Result "1/2-1/2"]
[WhiteElo "2335"]
[BlackElo "2210"]
[PlyCount "97"]
[EventDate "2012.11.03"]
[WhiteTeam "Bristol 1"]
[BlackTeam "North East England"]

1. e4 c5 2. Nf3 d6 3. d4 cxd4 4. Nxd4 Nf6 5. Nc3 a6 6. Be3 e5 7. Nb3 Be6 8. f3
h5 9. Qd2 Nbd7 10. O-O-O Rc8 11. Kb1 Be7 12. Be2 b5 13. h3 h4 14. Nd5 Bxd5 15.
exd5 Nb6 16. Bxb6 Qxb6 17. Qa5 Bd8 18. Qxb6 Bxb6 19. a4 bxa4 20. Bxa6 Ra8 21.
Bb7 Ra7 22. Bc6+ Ke7 23. Nd2 Rb8 24. c3 Nd7 25. Kc2 f5 26. Nc4 Bc5 27. Ra1 Nb6
28. Nxb6 Bxb6 29. Rxa4 Rxa4 30. Bxa4 e4 31. fxe4 fxe4 32. Rf1 Rf8 33. Rxf8 Kxf8
34. Kd2 Ke7 35. Bc2 e3+ 36. Kd3 Kf6 37. Bd1 Ke5 38. Bf3 g5 39. Kc4 Bd8 40. Kb5
g4 41. Bxg4 Kxd5 42. b4 Ke4 43. Be2 d5 44. Kc5 Be7+ 45. Kc6 d4 46. cxd4 Bxb4
47. Kb5 Bc3 48. Kc4 Bxd4 49. Bf3+ 1/2-1/2

[Event "4NCL Division 2b"]
[Site "De Vere, Sunningdale ENG"]
[Date "2012.11.03"]
[Round "1.82"]
[White "Coathup, Roger H"]
[Black "Beaumont, Chris R"]
[Result "1/2-1/2"]
[WhiteElo "2123"]
[BlackElo "2273"]
[PlyCount "64"]
[EventDate "2012.11.03"]
[WhiteTeam "North East England"]
[BlackTeam "Bristol 1"]

1. d4 Nf6 2. c4 g6 3. Nc3 d5 4. Nf3 Bg7 5. Bg5 Ne4 6. Bh4 Nxc3 7. bxc3 dxc4 8.
Qa4+ Qd7 9. Qxc4 b6 10. e3 Ba6 11. Qb3 Bxf1 12. Kxf1 Nc6 13. Ke2 O-O 14. Rhd1
e5 15. Bg3 e4 16. Nd2 Na5 17. Qb4 c5 18. Qb1 f5 19. a4 cxd4 20. cxd4 g5 21. f4
exf3+ 22. Nxf3 f4 23. exf4 gxf4 24. Bf2 Qf7 25. Kf1 Rad8 26. Ng5 Qf5 27. Qa2+
Rd5 28. Nf3 Kh8 29. Rac1 Rfd8 30. Rc7 R5d7 31. Rxd7 Rxd7 32. d5 Bf6 1/2-1/2

[Event "4NCL Division 2b"]
[Site "De Vere, Sunningdale ENG"]
[Date "2012.11.03"]
[Round "1.84"]
[White "Maroroa, Sue Y"]
[Black "Collier, David O"]
[Result "1/2-1/2"]
[WhiteElo "2055"]
[BlackElo "2098"]
[PlyCount "90"]
[EventDate "2012.11.03"]
[WhiteTeam "North East England"]
[BlackTeam "Bristol 1"]

1. e4 c5 2. Nf3 d6 3. Bb5+ Bd7 4. Bxd7+ Qxd7 5. O-O Nc6 6. c3 g6 7. d4 cxd4 8.
cxd4 Bg7 9. Nc3 Nf6 10. Be3 O-O 11. h3 Rfc8 12. Qa4 d5 13. e5 Ne4 14. Nxe4 dxe4
15. Nd2 Nxe5 16. Qxd7 Nxd7 17. Nxe4 Rc2 18. b3 Rac8 19. Rfd1 Nf6 20. Nxf6+ Bxf6
21. a4 a6 22. Rab1 Kf8 23. a5 Rd8 24. d5 Be5 25. b4 Bd6 26. Kf1 Rdc8 27. b5 Ra2
28. bxa6 bxa6 29. Bb6 Ke8 30. g3 Rc4 31. Ra1 Rcc2 32. Rac1 Kd7 33. Rxc2 Rxc2
34. Rd3 Bc5 35. Rb3 Rxf2+ 36. Ke1 Rc2 37. Bxc5 Rxc5 38. Rb7+ Kd6 39. Rb6+ Kxd5
40. Rxa6 e5 41. Rf6 Rc7 42. a6 Ra7 43. g4 h6 44. h4 e4 45. Ke2 Kd4 1/2-1/2

[Event "4NCL Division 2b"]
[Site "De Vere, Sunningdale ENG"]
[Date "2012.11.03"]
[Round "1.85"]
[White "Curtis, John E"]
[Black "Prasath, Malola TS"]
[Result "1-0"]
[WhiteElo "2111"]
[BlackElo "2076"]
[PlyCount "85"]
[EventDate "2012.11.03"]
[WhiteTeam "Bristol 1"]
[BlackTeam "North East England"]

1. d4 Nc6 2. Nf3 d5 3. Bf4 Bf5 4. c4 e6 5. c5 Be7 6. Nc3 g5 7. Bg3 h5 8. h4 g4
9. Ne5 Nxe5 10. Bxe5 f6 11. Bg3 c6 12. e3 Qa5 13. Qa4 Qxa4 14. Nxa4 Nh6 15. Kd2
Nf7 16. Bd3 Bxd3 17. Kxd3 e5 18. Rhc1 O-O 19. Rc2 Rae8 20. b4 Bd8 21. b5 f5 22.
Rb1 exd4 23. exd4 Nh8 24. Bd6 Rf6 25. bxc6 bxc6 26. Rb7 Nf7 27. Bf4 Rfe6 28. g3
a5 29. Rcb2 Bf6 30. Nc3 Nd8 31. Ra7 Re1 32. Rb8 Bxd4 33. Rxd8 Bxc5 34. Rxe8+
Rxe8 35. Rc7 Bxf2 36. Rxc6 d4 37. Ne2 Kf7 38. Nxd4 Re4 39. Nxf5 Ra4 40. Rc2 Be1
41. Nd6+ Kg6 42. Nc4 Rb4 43. Rb2 1-0

[Event "4NCL Division 2b"]
[Site "De Vere, Sunningdale ENG"]
[Date "2012.11.03"]
[Round "1.86"]
[White "Plater, Ron"]
[Black "Dilleigh, Stephen P"]
[Result "0-1"]
[WhiteElo "1934"]
[BlackElo "2099"]
[PlyCount "122"]
[EventDate "2012.11.03"]
[WhiteTeam "North East England"]
[BlackTeam "Bristol 1"]

1. d4 d5 2. Nf3 Nf6 3. g3 c6 4. Bg2 h6 5. O-O Bf5 6. c4 e6 7. Nc3 Nbd7 8. Nd2
Be7 9. e4 dxe4 10. Ndxe4 O-O 11. Bf4 Nxe4 12. Nxe4 Nf6 13. Nc3 Qb6 14. Na4 Qa6
15. b3 Rad8 16. Re1 b5 17. Nb2 Ba3 18. Re2 Bxb2 19. Rxb2 bxc4 20. bxc4 Qxc4 21.
Rc1 Qxd4 22. Qxd4 Rxd4 23. Bxc6 Rc8 24. f3 Nd5 25. Bxd5 Rxc1+ 26. Bxc1 Rd1+ 27.
Kf2 Rxc1 28. Bb3 Kf8 29. Rd2 Ke7 30. g4 Bg6 31. Rd4 Rc5 32. Rd2 f6 33. Kg3 Be8
34. Re2 e5 35. Re3 Bb5 36. f4 Kd6 37. fxe5+ Rxe5 38. Rc3 Rc5 39. Re3 a5 40. Bf7
Re5 41. Rc3 Rc5 42. Re3 Bc4 43. Bxc4 Rxc4 44. Kh4 f5 45. h3 f4 46. Ra3 a4 47.
Kh5 Ke5 48. g5 hxg5 49. Kxg5 Ke4 50. Kg4 g5 51. h4 gxh4 52. Kxh4 Kd4 53. Kg4
Kc5 54. Rd3 Rc2 55. a3 Kc4 56. Rd8 Kb3 57. Kxf4 Kxa3 58. Ke3 Rc3+ 59. Kd2 Kb2
60. Ra8 a3 61. Ra7 Rb3 0-1

[Event "4NCL Division 2a"]
[Site "De Vere, Sunningdale ENG"]
[Date "2012.11.04"]
[Round "2.11"]
[White "Swanson, Stephen"]
[Black "Zakarian, David"]
[Result "0-1"]
[WhiteElo "2253"]
[BlackElo "2374"]
[PlyCount "138"]
[EventDate "2012.11.04"]
[WhiteTeam "Poisoned Pawns"]
[BlackTeam "Oxford 1"]

1. e4 c5 2. d4 cxd4 3. c3 d3 4. Bxd3 Nc6 5. Nf3 d6 6. O-O e5 7. c4 Bg4 8. h3
Bh5 9. Nc3 Be7 10. Nd5 Nf6 11. g4 Bg6 12. Re1 Nd7 13. b4 Rc8 14. Bf1 h5 15. g5
h4 16. Nxe7 Qxe7 17. a3 Bh5 18. Qd3 Bxf3 19. Qxf3 Nd4 20. Qg4 Nc2 21. Bd2 Qe6
22. Rac1 Qxg4+ 23. hxg4 Nxe1 24. Rxe1 g6 25. Kh2 Ke7 26. Kh3 Rc7 27. Be3 Rhc8
28. Kxh4 Nb6 29. c5 Nd7 30. cxd6+ Kxd6 31. Rd1+ Ke7 32. Rd5 Ke6 33. Ra5 a6 34.
a4 Rc3 35. Rd5 Nb6 36. Rd1 Nxa4 37. b5 Nc5 38. Kg3 Nxe4+ 39. Kg2 axb5 40. Bxb5
Nd6 41. Be2 Nc4 42. Ba7 Ra3 43. Bb8 b5 44. Bxc4+ bxc4 45. Rd6+ Ke7 46. Rb6 Rxb8
47. Rxb8 Kd6 48. Rc8 Kd5 49. Rc7 Ra6 50. Kf3 Rc6 51. Rd7+ Ke6 52. Rd1 c3 53.
Ke4 c2 54. Rc1 Rc4+ 55. Kd3 Rxg4 56. Rxc2 Rxg5 57. Ke3 Rg4 58. Rc6+ Kf5 59. Ra6
Rb4 60. Ra5 Rb3+ 61. Ke2 Kf4 62. Ra4+ e4 63. Ra6 Rb2+ 64. Kf1 Kg5 65. Ke1 f5
66. Kf1 f4 67. Kg1 f3 68. Rb6 Rb1+ 69. Kh2 e3 0-1

[Event "4NCL Division 2a"]
[Site "De Vere, Sunningdale ENG"]
[Date "2012.11.04"]
[Round "2.12"]
[White "Harvey, Marcus R"]
[Black "Harley, Andrew D"]
[Result "1/2-1/2"]
[WhiteElo "2161"]
[BlackElo "2234"]
[PlyCount "86"]
[EventDate "2012.11.04"]
[WhiteTeam "Oxford 1"]
[BlackTeam "Poisoned Pawns"]

1. g3 d5 2. Bg2 e5 3. d4 exd4 4. Qxd4 c6 5. Nc3 Nf6 6. e4 Nxe4 7. Nxe4 dxe4 8.
Qxd8+ Kxd8 9. Bxe4 Bd6 10. Bg5+ f6 11. O-O-O Kc7 12. Be3 Na6 13. Ne2 Nc5 14.
Bf3 Ne6 15. h4 b6 16. Nc3 Bb7 17. Ne4 Be5 18. Bg4 c5 19. Bxe6 Bxe4 20. Rd7+ Kc6
21. Rhd1 Rhe8 22. Bf7 Rec8 23. c4 Rc7 24. Bd5+ Bxd5 25. R7xd5 Re8 26. Rd8 Rxd8
27. Rxd8 Re7 28. Rd3 f5 29. b3 g6 30. Kd2 Rd7 31. Rxd7 Kxd7 32. Kd3 Kc6 33. Bh6
Kd6 34. Ke3 Ke6 35. Kf3 Kf6 36. a4 Bd6 37. Bg5+ Ke6 38. a5 bxa5 39. Bd8 Ke5 40.
Ke3 a4 41. bxa4 f4+ 42. gxf4+ Kf5 43. Kf3 h5 1/2-1/2

[Event "4NCL Division 2a"]
[Site "De Vere, Sunningdale ENG"]
[Date "2012.11.04"]
[Round "2.13"]
[White "Byway, Paul V"]
[Black "Rose, Matthew"]
[Result "1/2-1/2"]
[WhiteElo "2157"]
[BlackElo "2303"]
[PlyCount "100"]
[EventDate "2012.11.04"]
[WhiteTeam "Poisoned Pawns"]
[BlackTeam "Oxford 1"]

1. Nf3 d6 2. d4 Bg4 3. Nbd2 Nf6 4. c3 Nbd7 5. e4 c6 6. Be2 e5 7. O-O Be7 8. b3
O-O 9. Bb2 Re8 10. c4 Bf8 11. d5 a5 12. Ne1 Bxe2 13. Qxe2 g6 14. Nd3 Bh6 15.
Bc1 Qb8 16. Nf3 Bxc1 17. Rfxc1 Qa7 18. Re1 Nc5 19. Nxc5 Qxc5 20. Qe3 Qxe3 21.
Rxe3 cxd5 22. cxd5 Rec8 23. Ne1 Rc7 24. f3 Rac8 25. Kf2 Nh5 26. g3 f5 27. Rd1
Nf6 28. Re2 b5 29. h3 b4 30. g4 fxe4 31. fxe4 Kg7 32. Rd3 Rc1 33. Ke3 R8c3 34.
Kd2 Rc7 35. Ke3 h6 36. Nf3 R1c3 37. Ne1 g5 38. Rxc3 Rxc3+ 39. Nd3 h5 40. gxh5
Nxh5 41. Kd2 Nf4 42. Re3 Nxd3 43. Rxd3 Rc8 44. Rf3 Kg6 45. Rg3 Rh8 46. Kd3 Rh4
47. Re3 g4 48. hxg4 Rh2 49. Kc4 Rxa2 50. Kb5 Rc2 1/2-1/2

[Event "4NCL Division 2a"]
[Site "De Vere, Sunningdale ENG"]
[Date "2012.11.04"]
[Round "2.14"]
[White "Schmidt, Jan-Peter"]
[Black "Goodger, Martyn"]
[Result "1-0"]
[WhiteElo "2269"]
[BlackElo "2086"]
[PlyCount "121"]
[EventDate "2012.11.04"]
[WhiteTeam "Oxford 1"]
[BlackTeam "Poisoned Pawns"]

1. Nf3 f5 2. d3 Nc6 3. g3 Nf6 4. Bg2 g6 5. c4 Bg7 6. Nc3 O-O 7. O-O d6 8. Rb1
a5 9. a3 Nh5 10. d4 f4 11. d5 Ne5 12. Nxe5 Bxe5 13. e3 Bf5 14. e4 Bd7 15. g4
Nf6 16. Bf3 g5 17. h3 h5 18. Be2 hxg4 19. hxg4 Kg7 20. f3 c6 21. Kg2 Rh8 22.
Bd2 Rh6 23. Qb3 Qh8 24. Rh1 Nxg4 25. Rxh6 Nxh6 26. Rh1 Qd8 27. Na4 Qc7 28. Qb6
Qc8 29. Qg1 Qc7 30. Nb6 Rh8 31. Bxa5 Qd8 32. c5 cxd5 33. Kf1 Nf7 34. Rxh8 Kxh8
35. exd5 dxc5 36. Nc4 Bh3+ 37. Ke1 Qxd5 38. Qh2 Qe6 39. Nxe5 Nxe5 40. Bc3 Kg7
41. Bxe5+ Qxe5 42. Qxh3 Qxb2 43. Qf5 Qc1+ 44. Kf2 Qe3+ 45. Kf1 Kh6 46. a4 b6
47. Qe4 Qc1+ 48. Kg2 Qa1 49. Bd3 Qb2+ 50. Kh3 Qg7 51. Qe6+ Kh5 52. Bf5 Qf6 53.
Qxf6 exf6 54. Bd3 Kh6 55. Kg4 Kg7 56. Kf5 Kf7 57. Bc4+ Ke7 58. Kg6 g4 59. fxg4
f3 60. Kf5 f2 61. Kg6 1-0

[Event "4NCL Division 2a"]
[Site "De Vere, Sunningdale ENG"]
[Date "2012.11.04"]
[Round "2.15"]
[White "McEwan, Ken B"]
[Black "White, Michael JR"]
[Result "0-1"]
[WhiteElo "2100"]
[BlackElo "2242"]
[PlyCount "96"]
[EventDate "2012.11.04"]
[WhiteTeam "Poisoned Pawns"]
[BlackTeam "Oxford 1"]

1. d4 Nf6 2. c4 g6 3. Nf3 Bg7 4. Nc3 O-O 5. e3 d6 6. Be2 Nbd7 7. b3 e5 8. Bb2
Re8 9. h3 c6 10. Qc2 e4 11. Nd2 Qe7 12. g4 h6 13. Nf1 a6 14. a4 a5 15. Ng3 Nb8
16. Ba3 Na6 17. Na2 Bd7 18. Rd1 Qe6 19. Qd2 Nc7 20. Nc3 d5 21. Bb2 Qe7 22. Ra1
Nh7 23. Ba3 Qd8 24. Bd6 Be6 25. c5 b6 26. Na2 bxc5 27. Bxc5 Na6 28. Bxa6 Rxa6
29. b4 Ng5 30. Qe2 Nf3+ 31. Kf1 Ra8 32. b5 h5 33. Qb2 hxg4 34. hxg4 Bxg4 35. b6
Qd7 36. b7 Rab8 37. Rb1 Bh3+ 38. Rxh3 Qxh3+ 39. Ke2 Qg4 40. Kf1 Bf8 41. Ba7 Bd6
42. Bxb8 Rxb8 43. Qc3 Bxg3 44. fxg3 Qxg3 45. Rb2 Qg1+ 46. Ke2 Kg7 47. Nc1 Rh8
48. b8=Q Qg2+ 0-1

[Event "4NCL Division 2a"]
[Site "De Vere, Sunningdale ENG"]
[Date "2012.11.04"]
[Round "2.16"]
[White "Nitz, Tomos"]
[Black "Rosen, Daniel B"]
[Result "0-1"]
[WhiteElo "2122"]
[BlackElo "2085"]
[PlyCount "54"]
[EventDate "2012.11.04"]
[WhiteTeam "Oxford 1"]
[BlackTeam "Poisoned Pawns"]

1. d4 f5 2. Bg5 d5 3. e3 Be6 4. c4 c6 5. cxd5 Bxd5 6. Nc3 Bf7 7. Bd3 g6 8. Nf3
Nd7 9. O-O Ngf6 10. e4 fxe4 11. Nxe4 Nxe4 12. Bxe4 Bg7 13. d5 Nc5 14. Re1 cxd5
15. Bf5 gxf5 16. Rxe7+ Qxe7 17. Bxe7 Kxe7 18. Qc2 Rac8 19. Qxf5 Be6 20. Re1 Ne4
21. Qh5 Rcf8 22. Nh4 Bd4 23. Rc1 Rxf2 24. Kh1 Rc8 25. Re1 Rf7 26. g4 Rg8 27.
Nf5+ Rxf5 0-1

[Event "4NCL Division 2a"]
[Site "De Vere, Sunningdale ENG"]
[Date "2012.11.04"]
[Round "2.17"]
[White "McCorry, Robert T"]
[Black "Dickinson, Tim R"]
[Result "1-0"]
[WhiteElo "2053"]
[BlackElo "2134"]
[PlyCount "65"]
[EventDate "2012.11.04"]
[WhiteTeam "Poisoned Pawns"]
[BlackTeam "Oxford 1"]

1. e4 c6 2. d4 d5 3. Nc3 dxe4 4. Nxe4 Nd7 5. Bc4 Ngf6 6. Ng5 e6 7. Qe2 Nb6 8.
Bb3 Bd6 9. N1f3 h6 10. Ne4 Nxe4 11. Qxe4 Qc7 12. Bd2 a5 13. a4 Bd7 14. Qg4 Kf8
15. O-O Nd5 16. Ne5 Bxe5 17. dxe5 Qxe5 18. Bxd5 cxd5 19. Bc3 h5 20. Qh4 Qc7 21.
Qg5 Rh7 22. Be5 Qc4 23. Ra3 Qg4 24. Bd6+ Kg8 25. Qe7 Bc6 26. Rg3 Qxa4 27. Rf3
g6 28. Re1 Re8 29. Qf6 Qxc2 30. h3 d4 31. Rg3 d3 32. Rxe6 Rxe6 33. Rxg6+ 1-0

[Event "4NCL Division 2a"]
[Site "De Vere, Sunningdale ENG"]
[Date "2012.11.04"]
[Round "2.21"]
[White "Merry, Alan B"]
[Black "Crouch, Colin S"]
[Result "1-0"]
[WhiteElo "2221"]
[BlackElo "2382"]
[PlyCount "91"]
[EventDate "2012.11.04"]
[WhiteTeam "Anglian Avengers 1"]
[BlackTeam "Pandora's Box Grantham"]

1. c4 c6 2. g3 d5 3. Nf3 dxc4 4. Bg2 Nd7 5. O-O Ngf6 6. Na3 Nb6 7. Qc2 Be6 8.
b3 cxb3 9. axb3 Qc8 10. Nc4 Nxc4 11. bxc4 Bh3 12. Bxh3 Qxh3 13. d3 g6 14. Be3
Bg7 15. Rfb1 O-O 16. Rxa7 Rxa7 17. Bxa7 Qd7 18. Bd4 b5 19. cxb5 cxb5 20. Qc5
Rc8 21. Qxb5 Rc1+ 22. Kg2 Rxb1 23. Qxb1 h6 24. Qb3 Qd5 25. Qb4 Qe6 26. e3 Nd5
27. Qb5 Kh7 28. Qe8 Nf6 29. Bxf6 Bxf6 30. d4 Kg7 31. Qa8 Qc4 32. Nd2 Qe2 33.
Ne4 h5 34. Nxf6 exf6 35. Qe4 f5 36. Qe5+ Kg8 37. h4 Kf8 38. d5 Qd3 39. d6 Qe4+
40. Qxe4 fxe4 41. g4 hxg4 42. Kg3 f5 43. Kf4 Ke8 44. h5 gxh5 45. Kxf5 Kd7 46.
Kg5 1-0

[Event "4NCL Division 2a"]
[Site "De Vere, Sunningdale ENG"]
[Date "2012.11.04"]
[Round "2.22"]
[White "Ross, Chris N"]
[Black "Talsma, Paul A"]
[Result "1-0"]
[WhiteElo "2247"]
[BlackElo "2229"]
[PlyCount "63"]
[EventDate "2012.11.04"]
[WhiteTeam "Pandora's Box Grantham"]
[BlackTeam "Anglian Avengers 1"]

1. e4 e5 2. Nf3 Nc6 3. Bb5 a6 4. Ba4 Nf6 5. O-O Nxe4 6. d4 b5 7. Bb3 d5 8. dxe5
Be6 9. Be3 Be7 10. c3 O-O 11. Nbd2 Qd7 12. Bc2 f5 13. exf6 Nxf6 14. Nb3 Ng4 15.
Bc5 Bd6 16. h3 Nge5 17. Ng5 Bf5 18. Qxd5+ Kh8 19. Be4 Rae8 20. f4 Bxe4 21. Nxe4
Bxc5+ 22. Qxc5 Nd3 23. Qe3 Nxb2 24. Nbc5 Qd5 25. Qf3 b4 26. Kh1 bxc3 27. Qxc3
Na4 28. Qb3 Qd4 29. Qxa4 Qxa4 30. Nxa4 Rxe4 31. Nc5 a5 32. Nxe4 1-0

[Event "4NCL Division 2a"]
[Site "De Vere, Sunningdale ENG"]
[Date "2012.11.04"]
[Round "2.23"]
[White "Lindner, Daniel"]
[Black "Capuzzo, Marcos"]
[Result "1/2-1/2"]
[WhiteElo "2202"]
[BlackElo "2237"]
[PlyCount "67"]
[EventDate "2012.11.04"]
[WhiteTeam "Anglian Avengers 1"]
[BlackTeam "Pandora's Box Grantham"]

1. c4 e5 2. g3 Nc6 3. Nc3 f5 4. Nf3 Nf6 5. d4 e4 6. Ng5 h6 7. Nh3 g5 8. Bg2 Bg7
9. O-O O-O 10. f3 exf3 11. exf3 d5 12. c5 Be6 13. Nf2 Qd7 14. Be3 Rae8 15. Nd3
Bf7 16. Bf2 Re7 17. f4 Ne4 18. Ne5 Nxe5 19. fxe5 c6 20. Rc1 Be6 21. b4 Ref7 22.
a4 f4 23. gxf4 Rxf4 24. Nxe4 dxe4 25. Bg3 Rxf1+ 26. Bxf1 Rd8 27. Bc4 Bxc4 28.
Rxc4 Qd5 29. Qb3 e3 30. b5 Kf8 31. Qc2 Qf3 32. Qg2 Qg4 33. h3 Qe6 34. Rb4
1/2-1/2

[Event "4NCL Division 2a"]
[Site "De Vere, Sunningdale ENG"]
[Date "2012.11.04"]
[Round "2.24"]
[White "Batchelor, Peter J"]
[Black "Munson, Shaun D"]
[Result "1-0"]
[WhiteElo "2138"]
[BlackElo "2177"]
[PlyCount "109"]
[EventDate "2012.11.04"]
[WhiteTeam "Pandora's Box Grantham"]
[BlackTeam "Anglian Avengers 1"]

1. d4 d5 2. c4 c6 3. Nf3 dxc4 4. e3 Be6 5. a4 Nf6 6. Na3 c5 7. Bxc4 Bxc4 8.
Nxc4 Nc6 9. O-O Qd5 10. Qe2 e6 11. b3 Be7 12. Rd1 O-O 13. dxc5 Qxc5 14. Ba3 Nb4
15. Nfe5 Qc7 16. Rac1 a5 17. Bb2 Bc5 18. Ng4 Nxg4 19. Qxg4 f5 20. Qg5 Rf7 21.
Nd6 Qxd6 22. Rxd6 Bxd6 23. Rd1 Nd5 24. Qh5 Rd8 25. g3 Rc8 26. Qe2 Bb4 27. Qb5
Rd8 28. Rc1 h6 29. Bd4 Kh7 30. Kg2 h5 31. Bc5 Bd2 32. Rc2 Be1 33. Qe2 Bc3 34.
Qxh5+ Kg8 35. Qe2 Rc8 36. Bd4 Rfc7 37. Qb5 Kf7 38. Bxc3 Nxc3 39. Qxa5 Rc6 40.
Qa7 R8c7 41. Qb8 Rd7 42. b4 Nxa4 43. Rxc6 bxc6 44. Qa8 Nb2 45. Qxc6 Rd5 46. b5
Nd3 47. b6 Ne5 48. Qc8 Nd7 49. b7 Ke7 50. b8=Q Nxb8 51. Qxb8 Kf6 52. Qf8+ Kg6
53. h4 Rd1 54. Qe8+ Kf6 55. h5 1-0

[Event "4NCL Division 2a"]
[Site "De Vere, Sunningdale ENG"]
[Date "2012.11.04"]
[Round "2.25"]
[White "Spence, David J"]
[Black "Burrows, Martin P"]
[Result "1/2-1/2"]
[WhiteElo "2247"]
[BlackElo "2108"]
[PlyCount "57"]
[EventDate "2012.11.04"]
[WhiteTeam "Anglian Avengers 1"]
[BlackTeam "Pandora's Box Grantham"]

1. e4 e6 2. Qe2 c5 3. Nf3 Nc6 4. c3 e5 5. g3 d6 6. Bg2 g6 7. d3 Bg7 8. Nbd2
Nge7 9. h4 h6 10. Nc4 Be6 11. h5 g5 12. Nh2 Qd7 13. Ne3 d5 14. O-O d4 15. Nc2
Rd8 16. cxd4 Nxd4 17. Nxd4 Qxd4 18. Be3 Qd6 19. b3 Nc6 20. Rad1 O-O 21. f4 gxf4
22. gxf4 exf4 23. Bxf4 Qd4+ 24. Kh1 Ne5 25. Nf3 Nxf3 26. Bxf3 b6 27. Rg1 Kh7
28. Qh2 Rg8 29. Rg2 1/2-1/2

[Event "4NCL Division 2a"]
[Site "De Vere, Sunningdale ENG"]
[Date "2012.11.04"]
[Round "2.26"]
[White "Mangione, Claudio"]
[Black "Tozer, Philip AA"]
[Result "1-0"]
[WhiteElo "2098"]
[BlackElo "2193"]
[PlyCount "47"]
[EventDate "2012.11.04"]
[WhiteTeam "Pandora's Box Grantham"]
[BlackTeam "Anglian Avengers 1"]

1. c4 f5 2. g3 Nf6 3. Bg2 e6 4. Nf3 d5 5. O-O c6 6. d3 dxc4 7. dxc4 Qxd1 8.
Rxd1 Nbd7 9. Nc3 Bc5 10. e4 Ng4 11. Rf1 O-O 12. exf5 exf5 13. Bf4 Ndf6 14. Na4
Ne4 15. Nxc5 Nxc5 16. Bd6 Ne4 17. Bxf8 Kxf8 18. Nd4 Nd2 19. Rfc1 c5 20. Nb5 Ne5
21. Rc2 Ne4 22. Rd1 Ke7 23. f3 Nf6 24. Re2 1-0

[Event "4NCL Division 2a"]
[Site "De Vere, Sunningdale ENG"]
[Date "2012.11.04"]
[Round "2.27"]
[White "Gray, Mark S"]
[Black "Birtwistle, Nigel"]
[Result "1/2-1/2"]
[WhiteElo "2098"]
[BlackElo "2148"]
[PlyCount "62"]
[EventDate "2012.11.04"]
[WhiteTeam "Anglian Avengers 1"]
[BlackTeam "Pandora's Box Grantham"]

1. e4 c5 2. Nf3 g6 3. c3 Bg7 4. d4 cxd4 5. cxd4 d5 6. e5 Bg4 7. Bb5+ Nd7 8. O-O
a6 9. Bxd7+ Qxd7 10. Nbd2 e6 11. h3 Bxf3 12. Nxf3 Ne7 13. Bg5 Nc6 14. Nh2 h6
15. Be3 Qc7 16. Ng4 h5 17. Nh2 Qb6 18. b3 Rc8 19. Rc1 Bf8 20. Nf3 Be7 21. Qd2
Qb4 22. Rc2 Qxd2 23. Bxd2 Kd7 24. Rfc1 Ba3 25. Rd1 Nb4 26. Bxb4 Bxb4 27. Rdc1
Be7 28. Kf1 Rxc2 29. Rxc2 Rc8 30. Rxc8 Kxc8 31. Ke2 Kd7 1/2-1/2

[Event "4NCL Division 2a"]
[Site "De Vere, Sunningdale ENG"]
[Date "2012.11.04"]
[Round "2.28"]
[White "Russell, Harry"]
[Black "Gregory, Stephen J"]
[Result "0-1"]
[WhiteElo "2038"]
[BlackElo "2086"]
[PlyCount "63"]
[EventDate "2012.11.04"]
[WhiteTeam "Pandora's Box Grantham"]
[BlackTeam "Anglian Avengers 1"]

1. Nf3 Nf6 2. b3 d6 3. d4 g6 4. Bb2 Bg7 5. e3 O-O 6. Be2 e5 7. O-O e4 8. Nfd2
d5 9. c4 c6 10. Nc3 h5 11. cxd5 cxd5 12. Ba3 Re8 13. Nb5 Re6 14. Qc2 Rc6 15.
Qb2 a6 16. Nc3 Bf5 17. Rfc1 Nbd7 18. Na4 Rac8 19. b4 Bg4 20. Nb3 Rxc1+ 21. Rxc1
Rxc1+ 22. Nxc1 Qc7 23. Bf1 Bf8 24. h3 Bf5 25. Nb3 g5 26. Nac5 g4 27. h4 g3 28.
f3 Bh6 29. Qd2 Nxc5 30. Nxc5 Qe7 31. Bc1 Ng4 32. Nxe4 0-1

[Event "4NCL Division 2a"]
[Site "De Vere, Sunningdale ENG"]
[Date "2012.11.04"]
[Round "2.31"]
[White "Mansson, James C"]
[Black "Jones, Richard S"]
[Result "0-1"]
[WhiteElo "2123"]
[BlackElo "2393"]
[PlyCount "86"]
[EventDate "2012.11.04"]
[WhiteTeam "e2e4.org.uk 2"]
[BlackTeam "Rhyfelwyr Essyllwg 1"]

1. d4 d5 2. c4 c6 3. Nf3 Nf6 4. Qc2 g6 5. cxd5 cxd5 6. Nc3 Nc6 7. Bf4 Bg7 8. e3
O-O 9. a3 Bf5 10. Bd3 Bxd3 11. Qxd3 Rc8 12. O-O Na5 13. Nd2 Nc4 14. Nxc4 dxc4
15. Qe2 Nd5 16. Bg3 Nxc3 17. bxc3 Qa5 18. Qb2 b6 19. Qb4 Qg5 20. a4 h5 21. h4
Qf6 22. a5 e5 23. Bxe5 Qxh4 24. Bxg7 Kxg7 25. axb6 axb6 26. Ra6 Qe4 27. Qxb6
Qd3 28. Qf6+ Kg8 29. Qg5 Rb8 30. g4 hxg4 31. Qxg4 Rb1 32. Rxb1 Qxb1+ 33. Kh2
Kg7 34. Qg2 Rh8+ 35. Kg3 Rh5 36. f4 Rh1 37. Rb6 Qd1 38. Kf2 Qe1+ 39. Kf3 Rg1
40. Qh3 Rh1 41. Qd7 Qf1+ 42. Ke4 Qg2+ 43. Ke5 Rh5+ 0-1